Synthesis and characterization of macromonomer crosslinker: Towards the study of the effect of crosslinking on latex film formation (Record no. 70131)

MARC details
000 -LEADER
fixed length control field 00612nam a2200157Ia 4500
100 ## - MAIN ENTRY--AUTHOR NAME
Personal name Mohd. Ghazaly H
245 #0 - TITLE STATEMENT
Title Synthesis and characterization of macromonomer crosslinker: Towards the study of the effect of crosslinking on latex film formation
260 ## - PUBLICATION, DISTRIBUTION, ETC. (IMPRINT)
Name of publisher International Rubber Conference 1997. Rubber Science and Technology: Improving Quality of Life, Kuala Lumpur, Malaysia 6-9 Oct 1997; p29-39
650 ## - SUBJECT ADDED ENTRY--TOPICAL TERM
Topical Term Latex film formation
700 ## - ADDED ENTRY--PERSONAL NAME
Personal name
700 ## - ADDED ENTRY--PERSONAL NAME
Personal name Daniels E S
700 ## - ADDED ENTRY--PERSONAL NAME
Personal name Dimonie V L
700 ## - ADDED ENTRY--PERSONAL NAME
Personal name El-Aasser M S
942 ## - ADDED ENTRY ELEMENTS (KOHA)
Koha item type Journals
700 ## - ADDED ENTRY--PERSONAL NAME
-- Klein A
Holdings
Withdrawn status Lost status Damaged status Not for loan Home library Current library Shelving location Date acquired Koha item type
      Journals RRII Library RRII Library Rubber chemistry 17/12/2021 Journals